Central Library OPAC University of Rajshahi

Invitation to struggle : (Record no. 42173)

MARC details
000 -LEADER
fixed length control field 01011nam a2200301 a 4500
001 - CONTROL NUMBER
control field 42173
003 - CONTROL NUMBER IDENTIFIER
rucl marc code (BD-RJUL)
005 - DATE AND TIME OF LATEST TRANSACTION
control field 20211209053513.0
008 - FIXED-LENGTH DATA ELEMENTS--GENERAL INFORMATION
fixed length control field 160611s1980 dcu b 001 0 eng d
020 ## - INTERNATIONAL STANDARD BOOK NUMBER
International Standard Book Number 0871871963
035 ## - SYSTEM CONTROL NUMBER
System control number oxf990014742
-- (BD-RJUL) 42291
040 ## - CATALOGING SOURCE
Original cataloging agency DLC
Transcribing agency DLC
Language of cataloging eng
Modifying agency (BD-RJUL)
041 ## - LANGUAGE CODE
Language code of text/sound track or separate title eng
082 ## - DEWEY DECIMAL CLASSIFICATION NUMBER
Classification number 353.0372
Edition number 19
Author mark and year CRI 1980
100 1# - MAIN ENTRY--PERSONAL NAME
Personal name Crabb, Cecil Van Meter,
Dates associated with a name 1924-
9 (RLIN) 129698
245 10 - TITLE STATEMENT
Title Invitation to struggle :
Remainder of title Congress, the president, and foreign policy /
Statement of responsibility, etc. Cecil V. Crabb, Jr., Pat M. Holt
260 ## - PUBLICATION, DISTRIBUTION, ETC. (IMPRINT)
Place of publication, distribution, etc. Washington, D.C :
Name of publisher, distributor, etc. CQ Press,
Date of publication, distribution, etc. c1980.
300 ## - PHYSICAL DESCRIPTION
Pagination xiii, 234 p. ;
Size 23 cm.
500 ## - GENERAL NOTE
General note Includes index.
504 ## - BIBLIOGRAPHY, ETC. NOTE
Bibliography, etc Bibliography: p. 261-267.
610 10 - SUBJECT ADDED ENTRY--CORPORATE NAME
Corporate name or jurisdiction name as entry element United States.
Subordinate unit Congress.
650 #0 - SUBJECT ADDED ENTRY--TOPICAL TERM
Topical term or geographic name as entry element Presidents
Geographic subdivision United States
9 (RLIN) 129700
651 #0 - SUBJECT ADDED ENTRY--GEOGRAPHIC NAME
Geographic name United States
General subdivision Foreign relations
Chronological subdivision 1945-1989
9 (RLIN) 129701
700 1# - ADDED ENTRY--PERSONAL NAME
Personal name Holt, Pat M.
830 #0 - SERIES ADDED ENTRY--UNIFORM TITLE
Uniform title Politics and public policy series
942 ## - ADDED ENTRY ELEMENTS (KOHA)
Source of classification or shelving scheme Dewey Decimal Classification
Koha item type Books
Holdings
Lost status Source of classification or shelving scheme Damaged status Not for loan Collection code Permanent Location Current Location Shelving location Date acquired Total Checkouts Full call number Date last seen Copy number Koha item type Source of acquisition
  Dewey Decimal Classification     Non-fiction Central Library, University of Rajshahi Central Library, University of Rajshahi   24/10/1992   327.73 CRI 1980 11/06/2016 C-2 Books  
  Dewey Decimal Classification     Non-fiction Central Library, University of Rajshahi Central Library, University of Rajshahi   10/08/1985   327.73 CRI 1980 11/06/2016 C-3 Books  
  Dewey Decimal Classification   Not For Loan Non-fiction Central Library, University of Rajshahi Central Library, University of Rajshahi Reading Room 24/10/1992   353.73 CRI 1980 15/12/2016 C-1 Books Zeitlinger
  Dewey Decimal Classification     Non-fiction Central Library, University of Rajshahi Central Library, University of Rajshahi   24/10/1992   353.73 CRI 1980 15/12/2016 C-4 Books Zeitlinger